Biographie und soziale Wirklichkeit: neue Beiträge und Forschungsperspektiven
| Contributors: | |
|---|---|
| Format: | Print Book |
| Language: | German |
| Subito Delivery Service: | Order now. |
| Check availability: | HBZ Gateway |
| Interlibrary Loan: | Interlibrary Loan for the Fachinformationsdienste (Specialized Information Services in Germany) |
| Published: |
Stuttgart
Metzler
1984
|
| In: | Year: 1984 |
| Standardized Subjects / Keyword chains: | B
Course of life
/ Psychology
B Biography research B Biography / Empirical social research |
| Further subjects: | B
Qualitative method
B Case study B Collection of essays B Biography Research B Life histories Biographical methods B Sociology Research Germany B Empirical social research B Quantitative method B Course of life B Sociology Biographical methods |
| Online Access: |
Cover Table of Contents |
MARC
| LEADER | 00000cam a2200000 c 4500 | ||
|---|---|---|---|
| 001 | 024474339 | ||
| 003 | DE-627 | ||
| 005 | 20250626103607.0 | ||
| 007 | tu | ||
| 008 | 840719s1984 gw ||||| 00| ||ger c | ||
| 015 | |a 84,N04,0071 |2 dnb | ||
| 015 | |a 84,A33,0131 |2 dnb | ||
| 016 | 7 | |a 840130805 |2 DE-101 | |
| 020 | |a 3476005488 |9 3-476-00548-8 | ||
| 035 | |a (DE-627)024474339 | ||
| 035 | |a (DE-576)009291229 | ||
| 035 | |a (DE-599)GBV024474339 | ||
| 035 | |a (AT-OBV)AC00378427 | ||
| 035 | |a (DE-604)8002400413 | ||
| 040 | |a DE-627 |b ger |c DE-627 |e rakwb | ||
| 041 | |a ger | ||
| 044 | |c XA-DE-BW | ||
| 050 | 0 | |a CT21 | |
| 084 | |a S 72 |2 sfb | ||
| 084 | |a 14 |2 sdnb | ||
| 084 | |a 1 |2 ssgn | ||
| 084 | |a GE 6297 |2 rvk |0 (DE-625)rvk/39183: | ||
| 084 | |a CM 2200 |2 rvk |0 (DE-625)rvk/18943: | ||
| 084 | |a CS 5000 |2 rvk |0 (DE-625)rvk/19046: | ||
| 084 | |a DF 2000 |2 rvk |0 (DE-625)rvk/19539:761 | ||
| 084 | |a EC 7415 |2 rvk |0 (DE-625)rvk/20803:13513 | ||
| 084 | |a MR 2000 |2 rvk |0 (DE-625)rvk/123487: | ||
| 084 | |a MR 2400 |2 rvk |0 (DE-625)rvk/123491: | ||
| 084 | |a MR 2800 |2 rvk |0 (DE-625)rvk/123496: | ||
| 084 | |a MS 2600 |2 rvk |0 (DE-625)rvk/123641: | ||
| 084 | |a ZX 7100 |2 rvk |0 (DE-625)rvk/158447:14257 | ||
| 084 | |a 70.03 |2 bkl | ||
| 245 | 0 | 0 | |a Biographie und soziale Wirklichkeit |b neue Beiträge und Forschungsperspektiven |c Martin Kohli ... (Hrsg.) |
| 264 | 1 | |a Stuttgart |b Metzler |c 1984 | |
| 300 | |a VI, 307 S. |b 23 cm | ||
| 336 | |a Text |b txt |2 rdacontent | ||
| 337 | |a ohne Hilfsmittel zu benutzen |b n |2 rdamedia | ||
| 338 | |a Band |b nc |2 rdacarrier | ||
| 500 | |a Literaturverz. S. 297 - 305 | ||
| 583 | 1 | |a Massenentsäuert |c 2017 |k DE-18 |2 pdager |5 DE-18-308 | |
| 583 | 1 | |a Archivierung/Langzeitarchivierung gewährleistet |f PEBW |x XA-DE-BW |2 pdager |5 DE-24 | |
| 583 | 1 | |a Archivierung/Langzeitarchivierung gewährleistet |f SSG |x XA-DE-BW |2 pdager |5 DE-21 | |
| 601 | |a Wirklichkeit | ||
| 601 | |a Beitrag | ||
| 650 | 0 | |a Sociology |x Biographical methods | |
| 650 | 0 | |a Sociology |x Research |x Germany | |
| 650 | 0 | |a Biography |x Research | |
| 650 | 0 | |a Life histories |x Biographical methods | |
| 650 | 4 | |a Qualitative Methode | |
| 650 | 4 | |a Empirische Sozialforschung | |
| 650 | 4 | |a Quantitative Methode | |
| 650 | 4 | |a Fallstudie | |
| 650 | 4 | |a Lebenslauf | |
| 655 | 7 | |a Aufsatzsammlung |0 (DE-588)4143413-4 |0 (DE-627)105605727 |0 (DE-576)209726091 |2 gnd-content | |
| 689 | 0 | 0 | |d s |0 (DE-588)4034869-6 |0 (DE-627)106250485 |0 (DE-576)209009527 |2 gnd |a Lebenslauf |
| 689 | 0 | 1 | |d s |0 (DE-588)4047704-6 |0 (DE-627)106193821 |0 (DE-576)209074426 |2 gnd |a Psychologie |
| 689 | 0 | |5 DE-101 | |
| 689 | 1 | 0 | |d s |0 (DE-588)4132300-2 |0 (DE-627)10421967X |0 (DE-576)209634405 |2 gnd |a Biografieforschung |
| 689 | 1 | |5 DE-101 | |
| 689 | 2 | 0 | |d s |0 (DE-588)4006804-3 |0 (DE-627)104213493 |0 (DE-576)208867147 |2 gnd |a Biografie |
| 689 | 2 | 1 | |d s |0 (DE-588)4014606-6 |0 (DE-627)106339389 |0 (DE-576)208908633 |2 gnd |a Empirische Sozialforschung |
| 689 | 2 | |5 (DE-627) | |
| 700 | 1 | |e Hrsg. |0 (DE-588)13056236X |0 (DE-627)503824720 |0 (DE-576)29826949X |4 edt |a Kohli, Martin |d 1942- | |
| 856 | 4 | 2 | |u http://d-nb.info/840130805/04 |m B:DE-101 |q application/pdf |v 20130501 |x Verlag |3 Inhaltsverzeichnis |7 1 |
| 856 | 4 | 2 | |u https://swbplus.bsz-bw.de/bsz009291229cov.jpg |m V:DE-576 |m X:springer |q image/jpeg |v 20180122131929 |3 Cover |7 1 |
| 889 | |w (DE-627)432907068 | ||
| 935 | |a mteo | ||
| 935 | |i Blocktest | ||
| 936 | r | v | |a GE 6297 |b Biografik |k Germanistik. Niederlandistik. Skandinavistik |k Deutsche Literatur |k Literaturgeschichte |k Geschichte der literarischen Gattungen |k Epik |k Nichtfiktive Prosa |k Biografik |0 (DE-627)1270859900 |0 (DE-625)rvk/39183: |0 (DE-576)200859900 |
| 936 | r | v | |a CM 2200 |b Methodik und Wissenschaftstheorie der Psychologie |k Psychologie |k Allgemeines. Geschichte und Methodik |k Methodik und Wissenschaftstheorie der Psychologie |0 (DE-627)1271484781 |0 (DE-625)rvk/18943: |0 (DE-576)201484781 |
| 936 | r | v | |a CS 5000 |b Anamnese, Exploration, Verhaltensbeobachtung |k Psychologie |k Diagnostik |k Anamnese, Exploration, Verhaltensbeobachtung |0 (DE-627)1271554003 |0 (DE-625)rvk/19046: |0 (DE-576)201554003 |
| 936 | r | v | |a DF 2000 |b Allgemeines und Deutschland |k Pädagogik |k Systematische Pädagogik |k Wissenschaftstheorie, Forschungsmethoden, Allgemeine Grundlagen sozialwissenschaftlicher Forschung |k Wissenschaftstheorie, Forschungsmethoden (allgemein). Allgemeine Grundlagen sozialwissenschaftlicher Forschung |k Allgemeines und Deutschland |0 (DE-627)1270714481 |0 (DE-625)rvk/19539:761 |0 (DE-576)200714481 |
| 936 | r | v | |a EC 7415 |b 19. Jh. |k Allgemeine und vergleichende Sprach- und Literaturwissenschaft. Indogermanistik. Außereuropäische Sprachen und Literaturen |k Allgemeine und vergleichende Literaturwissenschaft. |k Literaturgeschichte |k Geschichte der Literaturgattungen (literarischen Gattungen) |k Epik |k Prosa |k Nichtfiktionale Prosagattungen |k Autobiografie |k 19. Jh. |0 (DE-627)1270778005 |0 (DE-625)rvk/20803:13513 |0 (DE-576)200778005 |
| 936 | r | v | |a MR 2000 |b Allgemeine Werke und Lehrbücher |k Soziologie |k Sozialwissenschaftliche Theorien und Methoden |k Methoden der Sozialforschung |k Allgemeine Werke und Lehrbücher |0 (DE-627)1271138913 |0 (DE-625)rvk/123487: |0 (DE-576)201138913 |
| 936 | r | v | |a MR 2400 |b Beobachtung, Interview und Umfrage, Feldforschung (auch Meinungsforschung, Marktforschung) |k Soziologie |k Sozialwissenschaftliche Theorien und Methoden |k Methoden der Sozialforschung |k Beobachtung, Interview und Umfrage, Feldforschung (auch Meinungsforschung, Marktforschung) |0 (DE-627)1270710907 |0 (DE-625)rvk/123491: |0 (DE-576)200710907 |
| 936 | r | v | |a MR 2800 |b Andere Techniken (z.B. Semantisches Differential, Soziometrie, Tests) |k Soziologie |k Sozialwissenschaftliche Theorien und Methoden |k Methoden der Sozialforschung |k Andere Techniken (z.B. Semantisches Differential, Soziometrie, Tests) |0 (DE-627)127142763X |0 (DE-625)rvk/123496: |0 (DE-576)20142763X |
| 936 | r | v | |a MS 2600 |b Erwachsenensoziologie, Biografie, Lebensverlauf, Lebensverlaufsforschung |k Soziologie |k Spezielle Soziologien |k Erwachsenensoziologie, Biografie, Lebensverlauf, Lebensverlaufsforschung |0 (DE-627)1271441020 |0 (DE-625)rvk/123641: |0 (DE-576)201441020 |
| 936 | r | v | |a ZX 7100 |b Allgemeines; Einführungen |k Sport |k Sportwissenschaft |k Sportsoziologie |k Allgemeines |k Allgemeines; Einführungen |0 (DE-627)1271362147 |0 (DE-625)rvk/158447:14257 |0 (DE-576)201362147 |
| 936 | b | k | |a 70.03 |j Methoden, Techniken und Organisation der sozialwissenschaftlichen Forschung |0 (DE-627)106414097 |
| 951 | |a BO | ||
| ACO | |a 1 | ||
| BIB | |a 1 | ||
| ELC | |b 1 | ||
| ITA | |a 1 |t 1 | ||
| LOK | |0 000 xxxxxcx a22 zn 4500 | ||
| LOK | |0 001 3191853448 | ||
| LOK | |0 003 DE-627 | ||
| LOK | |0 004 024474339 | ||
| LOK | |0 005 19951221000000 | ||
| LOK | |0 008 930217||||||||||||||||ger||||||| | ||
| LOK | |0 040 |a DE-21 |c DE-627 |d DE-21 | ||
| LOK | |0 852 |a DE-21 | ||
| LOK | |0 852 1 |c 24 A 7097 |9 00 | ||
| LOK | |0 935 |a kram |a konv | ||
| LOK | |0 939 |a 17-02-93 |b l01 | ||
| LOK | |0 000 xxxxxcx a22 zn 4500 | ||
| LOK | |0 001 3191853545 | ||
| LOK | |0 003 DE-627 | ||
| LOK | |0 004 024474339 | ||
| LOK | |0 005 20100406122040 | ||
| LOK | |0 008 050823||||||||||||||||ger||||||| | ||
| LOK | |0 040 |a DE-21-32c |c DE-627 |d DE-21-32c | ||
| LOK | |0 541 |e 85/47 | ||
| LOK | |0 852 |a DE-21-32c | ||
| LOK | |0 852 1 |c E 541 |m p |9 00 | ||
| LOK | |0 935 |a k32c | ||
| LOK | |0 938 |k p | ||
| LOK | |0 939 |a 23-08-05 |b l01 | ||
| LOK | |0 000 xxxxxcx a22 zn 4500 | ||
| LOK | |0 001 3191853553 | ||
| LOK | |0 003 DE-627 | ||
| LOK | |0 004 024474339 | ||
| LOK | |0 005 20100408132728 | ||
| LOK | |0 008 920309||||||||||||||||ger||||||| | ||
| LOK | |0 040 |a DE-21-35 |c DE-627 |d DE-21-35 | ||
| LOK | |0 541 |e 91/1467 | ||
| LOK | |0 852 |a DE-21-35 | ||
| LOK | |0 852 1 |c Pw 5.046 |m p |9 00 | ||
| LOK | |0 938 |k p | ||
| LOK | |0 939 |a 09-03-92 |b l01 | ||
| LOK | |0 000 xxxxxcx a22 zn 4500 | ||
| LOK | |0 001 3191853561 | ||
| LOK | |0 003 DE-627 | ||
| LOK | |0 004 024474339 | ||
| LOK | |0 005 20010625000000 | ||
| LOK | |0 008 960909||||||||||||||||ger||||||| | ||
| LOK | |0 040 |a DE-21-108 |c DE-627 |d DE-21-108 | ||
| LOK | |0 092 |o l | ||
| LOK | |0 541 |e 1483/84 | ||
| LOK | |0 852 |a DE-21-108 | ||
| LOK | |0 852 1 |c HN 050.150 |m p |9 00 | ||
| LOK | |0 936ln |0 1299184227 |a HN 050 | ||
| LOK | |0 938 |k p | ||
| LOK | |0 939 |a 09-09-96 |b l01 | ||
| LOK | |0 000 xxxxxcx a22 zn 4500 | ||
| LOK | |0 001 319185357X | ||
| LOK | |0 003 DE-627 | ||
| LOK | |0 004 024474339 | ||
| LOK | |0 005 20100406182912 | ||
| LOK | |0 008 041029||||||||||||||||ger||||||| | ||
| LOK | |0 040 |a DE-21-17 |c DE-627 |d DE-21-17 | ||
| LOK | |0 541 |e 591/92 | ||
| LOK | |0 689 |a s |0 1310401756 |a Sozialgeographie | ||
| LOK | |0 689 |a s |0 1310566992 |a Biographieforschung | ||
| LOK | |0 852 |a DE-21-17 | ||
| LOK | |0 852 1 |c 24b/135 |m p |9 00 | ||
| LOK | |0 935 |a k017 | ||
| LOK | |0 938 |k p | ||
| LOK | |0 939 |a 29-10-04 |b l01 | ||
| LOK | |0 000 xxxxxcx a22 zn 4500 | ||
| LOK | |0 001 3191853596 | ||
| LOK | |0 003 DE-627 | ||
| LOK | |0 004 024474339 | ||
| LOK | |0 005 20020607000000 | ||
| LOK | |0 008 930513||||||||||||||||ger||||||| | ||
| LOK | |0 040 |a DE-21-110 |c DE-627 |d DE-21-110 | ||
| LOK | |0 852 |a DE-21-110 | ||
| LOK | |0 852 1 |c O IV 227 |m p |9 00 | ||
| LOK | |0 935 |a k110 | ||
| LOK | |0 936ln |a 7.3.2.2 | ||
| LOK | |0 938 |k p | ||
| LOK | |0 939 |a 13-05-93 |b l01 | ||
| LOK | |0 000 xxxxxcx a22 zn 4500 | ||
| LOK | |0 001 319185360X | ||
| LOK | |0 003 DE-627 | ||
| LOK | |0 004 024474339 | ||
| LOK | |0 005 20100407000245 | ||
| LOK | |0 008 050716||||||||||||||||ger||||||| | ||
| LOK | |0 040 |a DE-21-43 |c DE-627 |d DE-21-43 | ||
| LOK | |0 541 |e 170/1984 | ||
| LOK | |0 852 |a DE-21-43 | ||
| LOK | |0 852 1 |c Cb 2013 |m p |9 00 | ||
| LOK | |0 935 |a k043 | ||
| LOK | |0 938 |k p | ||
| LOK | |0 939 |a 16-07-05 |b l01 | ||
| LOK | |0 000 xxxxxcx a22 zn 4500 | ||
| LOK | |0 001 3191853634 | ||
| LOK | |0 003 DE-627 | ||
| LOK | |0 004 024474339 | ||
| LOK | |0 005 20100407070513 | ||
| LOK | |0 008 050323||||||||||||||||ger||||||| | ||
| LOK | |0 040 |a DE-21-85 |c DE-627 |d DE-21-85 | ||
| LOK | |0 541 |e 84-226 | ||
| LOK | |0 689 |a s |0 1311080988 |a Biographische Methode | ||
| LOK | |0 689 |a s |0 1311079114 |a Lebenslauf | ||
| LOK | |0 852 |a DE-21-85 | ||
| LOK | |0 852 1 |c 1.127.1984 |m p |9 00 | ||
| LOK | |0 935 |a k085 | ||
| LOK | |0 938 |k p | ||
| LOK | |0 939 |a 23-03-05 |b l01 | ||
| LOK | |0 000 xxxxxcx a22 zn 4500 | ||
| LOK | |0 001 3191853642 | ||
| LOK | |0 003 DE-627 | ||
| LOK | |0 004 024474339 | ||
| LOK | |0 005 20061115164801 | ||
| LOK | |0 008 061115||||||||||||||||ger||||||| | ||
| LOK | |0 040 |a DE-21-93 |c DE-627 |d DE-21-93 | ||
| LOK | |0 541 |e 84/184 | ||
| LOK | |0 852 |a DE-21-93 | ||
| LOK | |0 852 1 |c 3 A 337 |m p |9 00 | ||
| LOK | |0 935 |a k093 |a i093 |a kneu | ||
| LOK | |0 938 |k p | ||
| LOK | |0 939 |a 15-11-06 |b l01 | ||
| LOK | |0 000 xxxxxcx a22 zn 4500 | ||
| LOK | |0 001 3191853650 | ||
| LOK | |0 003 DE-627 | ||
| LOK | |0 004 024474339 | ||
| LOK | |0 005 20070313164258 | ||
| LOK | |0 008 070313||||||||||||||||ger||||||| | ||
| LOK | |0 040 |a DE-21-52 |c DE-627 |d DE-21-52 | ||
| LOK | |0 541 |e 84/363 | ||
| LOK | |0 852 |a DE-21-52 | ||
| LOK | |0 852 1 |c Ah 217 |m p |9 00 | ||
| LOK | |0 935 |a k052 |a kneu | ||
| LOK | |0 938 |k p | ||
| LOK | |0 939 |a 13-03-07 |b l01 | ||
| ORI | |a SA-MARC-ixtheoa001.raw | ||
| STA | 0 | 0 | |a Biography research,Biography,Biography as a literary form,Case study,Course of life,Course of life,Span of life,Life cycle,Empirical social research,Social research,Social sciences,Psychology,Qualitative method,Quantitative method |
| STB | 0 | 0 | |a Biographie,Cours de la vie,Cours de la vie,Cours de l’existence,Cours de l’existence,Cours de l’existence (motif),Cours de l’existence,Méthode qualitative,Méthode quantitative,Psychologie,Recherche biographique,Histoires de vie,Recherche empirique en sciences sociales,Sciences sociales,Étude de cas |
| STC | 0 | 0 | |a Biografía,Curso de vida,Curso de vida,Estudio de caso,Investigación biográfica,Método cualitativo,Método cuantitativo,Psicología,Sociología empírica |
| STD | 0 | 0 | |a Biografia,Biografia <motivo>,Biografia,Curriculum vitae,Curriculum vitae,Curriculum vitae (motivo),Curriculum vitae,Caso di studio,Studio di caso,Caso studio,Studio di caso,Caso studio,Metodo qualitativo,Metodo quantitativo,Psicologia,Ricerca biografica,Ricerca sociale empirica |
| STE | 0 | 0 | |a 传记,定量方法,量化方法,定量法,实证社会研究,履历,简历,心理学,案例分析,个案调研,个案研究 |
| STF | 0 | 0 | |a 傳記,定量方法,量化方法,定量法,實証社會研究,履歷,簡歷,心理學,案例分析,個案調研,個案研究,質性研究 |
| STG | 0 | 0 | |a Biografia,Curso de vida,Curso de vida,Estudo de caso,Método qualitativo,Método quantitativo,Pesquisa biográfica,Psicologia,Sociologia empírica |
| STH | 0 | 0 | |a Биография,Жизненный путь (мотив),Жизненный путь,Изучение случаев,Исследование биографии,Качественный метод,Количественный метод,Психология,Социальное исследование |
| STI | 0 | 0 | |a Βιογραφία,Βιογραφική έρευνα,Βιογραφικό σημείωμα <μοτίβο>,Βιογραφικό σημείωμα,Βιογραφικό,Βιογραφικό (μοτίβο),Εμπειρική κοινωνική έρευνα,Μελέτη περίπτωσης,Περιπτωσιολογική μελέτη,Ποιοτική μέθοδος,Ποσοτική μέθοδος,Ψυχολογία |
| SUB | |a BIB | ||
| SYE | 0 | 0 | |a Empirische Soziologie,Sozialforschung , Quantifizierende Methode , Einzelfallanalyse,Einzelfalldiagnose,Einzelfallstudie,Case study,Fallanalyse , Lebensverlauf,Lebensspanne,Lebensablauf,Life course,Lebensgang,Lebensgeschichte,Curriculum Vitae,CV,Résumé |
| SYG | 0 | 0 | |a Lebensverlauf,Lebensspanne,Lebensablauf,Life course,Lebensgang,Lebensgeschichte,Curriculum Vitae,CV,Résumé , Psychology,Psyche,Psychologische Theorie,Psychologischer Aspekt,Theoretische Psychologie,Mensch , Biographieforschung,Biographiearbeit,Biografiearbeit,Lebenslaufanalyse,Lebenslaufforschung,Lebenslauf,Lebenslauf,Biografisches Arbeiten,Biographisches Arbeiten,Biographische Forschung,Biografische Forschung,Biographieorientierte Intervention,Biografieorientierte Intervention , Biografie : ein Spiel , Biographie,Biographie,Biographisches Nachschlagewerk,Lebensbeschreibung,Berühmte Persönlichkeit,Biografisches Nachschlagewerk , Empirische Soziologie,Sozialforschung |